000 00747nam a22001817a 4500
003 LK-CoDNM
005 20241219114759.0
008 241218b |||||||| |||| 00| 0 eng d
040 _aLK-CoDNM
_dLK-CoDNM
_eLK-CoDNM
041 _aeng
080 _a2
_bF10
100 _aclaude morley
245 _aThe fauna of britch india ceylon and burma including hymenoptera - vol iii
_b1913
260 _clondn
_ataylor and francis, red lion court , fleet street
_b1913
300 _a531P. ; 24 cm
650 _aScience
942 _cBK
999 _c233619
_d233619